Faculty of Law Library — Cairo University

Official Online Catalog

الحكم المحلي في الإتحاد السوفيتي / (Record no. 45767)

MARC details
000 -LEADER
fixed length control field 01337nam a2200337 i 4500
003 - CONTROL NUMBER IDENTIFIER
control field EG-GICUC
005 - DATE AND TIME OF LATEST TRANSACTION
control field 20260121101340.0
008 - FIXED-LENGTH DATA ELEMENTS--GENERAL INFORMATION
fixed length control field 251124b1974 ua ||||f |||| 00| 0 ara d
040 ## - CATALOGING SOURCE
Original cataloging agency EG-GICUC
Transcribing agency EG-GICUC
Modifying agency EG-GICUC
Description conventions rda
Language of cataloging ara
041 ## - LANGUAGE CODE
Language code of text/sound track or separate title ara
082 04 - DEWEY DECIMAL CLASSIFICATION NUMBER
Edition number 21
Classification number 345.25047
Item number ظ ر . ح
092 04 - LOCALLY ASSIGNED DEWEY CALL NUMBER (OCLC)
Edition number 21
099 ## - LOCAL FREE-TEXT CALL NUMBER (OCLC)
Classification number Law1 07 345.25042 ظ ر . ح 1974
100 0# - MAIN ENTRY--PERSONAL NAME
Personal name ظريف بطرس
Relator term مؤلف.
245 12 - TITLE STATEMENT
Title الحكم المحلي في الإتحاد السوفيتي /
Statement of responsibility, etc. إعداد د . ظريف بطرس.
264 #1 - PRODUCTION, PUBLICATION, DISTRIBUTION, MANUFACTURE, AND COPYRIGHT NOTICE
Place of production, publication, distribution, manufacture القاهرة :
Name of producer, publisher, distributor, manufacturer جامعة الدول العربية-المنظمة العربية للعلوم الإدارية، مركز البحوث الإدارية،
Date of production, publication, distribution, manufacture, or copyright notice 1974.
300 ## - PHYSICAL DESCRIPTION
Extent 45 صفحة :
Dimensions 24 سم.
Other physical details إيضاحيات ؛
336 ## - CONTENT TYPE
Source rda content
Content type term text
337 ## - MEDIA TYPE
Source rda media
Media type term Computer
338 ## - CARRIER TYPE
Source rda carrier
Carrier type term Online Resource
490 ## - SERIES STATEMENT
Volume/sequential designation 165
504 ## - BIBLIOGRAPHY, ETC. NOTE
Bibliography, etc. note . ببليوجرافيا: صفة 45.
504 ## - BIBLIOGRAPHY, ETC. NOTE
Bibliography, etc. note يشتمل على إرجاعات ببليوجرافية.
546 ## - LANGUAGE NOTE
Language note النص باللغة العربية
650 17 - SUBJECT ADDED ENTRY--TOPICAL TERM
Source of heading or term qrmak
Topical term or geographic name entry element الإدارة المحلية
651 17 - SUBJECT ADDED ENTRY--GEOGRAPHIC NAME
Geographic name الإتحاد السوفيتي
Source of heading or term qrmak
651 17 - SUBJECT ADDED ENTRY--GEOGRAPHIC NAME
Geographic name روسيا
Source of heading or term qrmak
856 40 - ELECTRONIC LOCATION AND ACCESS
Uniform Resource Identifier <a href="https://fll.law.cu.edu.eg/fulltext/bks/B07-00147.pdf">https://fll.law.cu.edu.eg/fulltext/bks/B07-00147.pdf</a>
905 ## - Cataloger and Reviser Names
Cataloger Name:
942 ## - ADDED ENTRY ELEMENTS (KOHA)
Source of classification or shelving scheme Dewey Decimal Classification
Suppress in OPAC No
Koha item type Books
Edition 21
Holdings
Withdrawn status Lost status Source of classification or shelving scheme Damaged status Not for loan Collection Home library Current library Date acquired Total checkouts Full call number Barcode Date last seen Copy number Price effective from Koha item type
    Dewey Decimal Classification   Not for loan القانون الإداري جــــامعة القــاهرة مكتبة كلية الحقوق - المبنى الرئيسي 24.11.2025   Law1 07 345.25042 ظ ر . ح 1974 0700147 C1 B07-00147 24.11.2025 1 24.11.2025 Books
    Dewey Decimal Classification     القانون الإداري جــــامعة القــاهرة مكتبة كلية الحقوق - المبنى الرئيسي 24.11.2025   Law1 07 345.25042 ظ ر . ح 1974 0700148 C2 B07-00148 24.11.2025 2 24.11.2025 Books

© All rights reserved — Faculty of Law, Cairo University